Entrepreneurship of Small and Medium-Sized Enterprises
Gespeichert in:
| 1. Verfasser: | |
|---|---|
| Weitere Verfasser: | , |
| Format: | Buch |
| Sprache: | Englisch |
| Veröffentlicht: |
Nitra
Slovak University of Agriculture in Nitra
2024
|
| Ausgabe: | 1st Edition |
| Schlagworte: | |
| Tags: |
Keine Tags, Fügen Sie das erste Tag hinzu!
|
MARC
| LEADER | 00000nam a2200000 4500 | ||
|---|---|---|---|
| 001 | 0315103 | ||
| 005 | 20260313120654.6 | ||
| 020 | |a 978-80-552-2768-9 | ||
| 041 | 0 | |a eng | |
| 044 | |a SK | ||
| 245 | 1 | 0 | |a Entrepreneurship of Small and Medium-Sized Enterprises |c Zuzana Kapsdorferová ... [et al.] |
| 250 | |a 1st Edition | ||
| 264 | 1 | |a Nitra |b Slovak University of Agriculture in Nitra |c 2024 | |
| 300 | |a 123 s. | ||
| 610 | 2 | 0 | |a podnikanie malé |
| 610 | 2 | 0 | |a podnikanie stredné |
| 610 | 2 | 0 | |a podnik malý |
| 610 | 2 | 0 | |a podnik stredný |
| 610 | 2 | 0 | |a podnikatelia |
| 610 | 2 | 0 | |a plán podnikateľský |
| 610 | 2 | 0 | |a inovácia |
| 610 | 2 | 0 | |a podnikanie rodinné |
| 610 | 2 | 0 | |a podnik rodinný |
| 100 | 1 | |a Kapsdorferová, Zuzana | |
| 700 | 1 | |a Švikruhová, Petronela | |
| 700 | 1 | |a Čeryová, Dominika | |